| 000 | 01106cam a2200277zu 4500 | ||
|---|---|---|---|
| 001 | 88866666 | ||
| 003 | FRCYB88866666 | ||
| 005 | 20251020124634.0 | ||
| 006 | m o d | ||
| 007 | cr un | ||
| 008 | 251020s2016 fr | o|||||0|0|||fre d | ||
| 020 | _a9782247161485 | ||
| 035 | _aFRCYB88866666 | ||
| 040 |
_aFR-PaCSA _bfr _c _erda |
||
| 100 | 1 | _aVerpeaux, Michel | |
| 245 | 0 | 1 |
_aLa Constitution _c['Verpeaux, Michel'] |
| 264 | 1 |
_bDalloz _c2016 |
|
| 300 | _a p. | ||
| 336 |
_btxt _2rdacontent |
||
| 337 |
_bc _2rdamdedia |
||
| 338 |
_bc _2rdacarrier |
||
| 650 | 0 | _a | |
| 700 | 0 | _aVerpeaux, Michel | |
| 856 | 4 | 0 |
_2Cyberlibris _uhttps://international.scholarvox.com/netsen/book/88866666 _qtext/html _a |
| 520 | _aL'ouvrage traite de toutes les questions, historiques ou plus actuelles, liées à la Constitution française : l'écriture de la Constitution (modes d'élaboration, procédés de révision), la supériorité de la Constitution sur les autres textes législatifs (primauté, mécanismes de protection) et enfin la forme et le contenu d'une Constitution.</P> | ||
| 999 |
_c1557711 _d1557711 |
||